03325nam a2200265 u 4500001000500000005001700005008004100022035000900063035002100072040001300093041000800106080000800114080000600122082000800128100007200136245012200208260004300330300003500373520243200408650005402840650003802894650005102932650004302983650003303026153820260428103441.0950418s1993 spa  a1538 a(OCoLC)778004138 ccomduadb aspa aAV/ aM 4a35010aCoupé de Restrepo, Francoise4edt0(isni)0000 0003 5880 6069eedt10aSistematización de la intervención de la administración municipal en dos barrios localizados en zonas de riesgo aMedellín :b[sin publicador],c1993. a468 páginas :bilustraciones3 aCONTENIDO : Presentación. -- CAPÍTULO 1: Introducción. -- 1: El tema. -- 2: Los objetivos. -- 3: La metodología. -- 4: Contenido. -- CAPÍTULO 2: Políticas urbanas en relación con las zonas de riesgo. -- Introducción. -- 1: Las políticas anteriores a las grandes tragedias en Colombia. -- 2: Las políticas a partir de las grandes tragedias. -- 3: Las políticas actuales. -- 4: Conclusiones. -- CAPÍTULO 3: Los procesos de mejoramiento. -- Introducción. -- I: El trece de noviembre. -- 1: Localización articulación urbana. -- 2. -- Historia. -- 3: Límites del barrio y articulación con los barrios vecinos. -- 4: Límites internos y sectorización. -- 5: Características ambientales. -- 6: Estructura dl barrio. -- 7: Infraestructura. -- 8. -- La vivienda. -- 9: Los agentes comprometidos con el barrio. -- II: Villa tina. -- 1: La piedra. -- 2: La torre. -- 3: La loca. -- 4: La calle principal entre la terminal y la calle 55. -- 5: La libertad. -- 6: La iglesia. -- CAPÍTULO 4: El mejoramiento barrial. -- Introducción. -- 1: Los programas de mejoramiento barrial. -- 2: El impacto d los programas de mejoramiento barrial. -- 3: A modo de conclusiones. -- 4: Propuesta I: Bases para una propuesta urbana en Villa tina. -- 5: Propuesta II. -- Introducción. -- Conclusiones. -- 6: Propuesta III. -- Propuesta socio-organizativa para Villa tina. -- Introducción. -- CAPÍTULO 5: Los procesos de reubicación. -- Introducción. -- I: El limonar. -- 2: Historia. -- 3: Límites del barrio y articulación con los barrios vecinos. -- 4. -- Límites internos y sectorización. -- 5: Características ambientales. -- 6. -- Estructura del barrio. -- 7: Infraestructura. -- 8. -- La vivienda. -- 9: Los agentes comprometidos con el barrio. -- II: Programa de reubicación en el sitio de la secretaria de desarrollo comunitario en Villa tina. -- III: Villa café. -- IV: Urbanización Héctor Abad Gómez. -- V: Urbanización Centenario Lazadilla. -- CAPÍTULO 6: Los programas de reubicación. -- Introducción. -- 1: Los procesos de reubicación. -- 2: El impacto de los programas de reubicación. -- 3. -- A modo de conclusiones. -- 4. -- Reflexiones previas a la elaboración de una propuesta para el Limonar. -- CAPÍTULO 7: Conclusiones. -- 1: Mejoramiento vs reubicación? .2: Estudios geológicos y geotécnicos. -- 3: Inventario de los agentes comprometidos. aReubicación de poblaciones humanas - Medellín aMejoramiento barrial - Medellín 7aPolítica urbanazMedellín (Colombia)2lemb aPrevención de desastres - Medellín aZonas de riesgo - Medellín